000 00533 a2200157 4500
020 _a 0007121040
040 _aDLC
_bDLC
082 _a 823.912 CHR
100 _a Christie, Agatha.
245 _aMiss Marple's Final Cases
_cChristie, Agatha
260 _aLondon:
_bHarper Collins Publishers,
_c1979.
300 _a 239 p. ;
_c19 cm.
500 _aIncludes Index
650 _a.Marple, Jane (Fictitious character) --Fiction.2.Detective and mystery stories, English.3.Women detectives --England --Fiction.
942 _cBK
_k823.912 CHR
_2ddc
999 _c4956
_d4956